| 000 | 00422nam a2200121Ia 4500 | ||
|---|---|---|---|
| 008 | 200918s9999 xx 000 0 und d | ||
| 020 | _a978-621-427-045-3 | ||
| 100 | _aAbante, Marmelo V. | ||
| 245 |
_cMarmelo V. Abante _aIntroduction to computer programming and logic formulation using C language/ |
||
| 260 |
_aManila: _bUnlimited Books _c2019 |
||
| 300 |
_avi, 434 pages _c25 cm. |
||
| 650 | _aC (Computer Program Language) | ||
| 999 |
_c364291 _d364291 |
||